=LDR 00000nam 2200000 4500 =001 INLIS000000000006820 =005 20130612094920 =008 ***********************************Ind** =035 ##$$0010-061300000006820 =041 ##$$a Ind =082 ##$$a 895.1 =090 ##$$a 895.1, Shi s =100 ##$$a Shi Hong =245 ##$$a Si hantu berambut merah, Shi Hong =260 ##$$a 1992 $b Jakarta =300 ##$$a 138 hlm., Ilus., 19 cm =650 ##$$a Fiksi Cina =850 ##$$a NBPNMAT